Nommez un personnage Harry Potter valable #2 - Statistiques

Statistiques générales
  • Ce quiz a été pris 6 183 fois
    5 760 depuis la dernière actualisation
  • Le résultat moyen est 15 sur 23
Statistiques - réponses
Critère Personnages % Correct
Sait parler le Fourchelang (exclut Harry) Lord Voldemort | Nagini | Salazar Serpentard ...
99%
A été élève à Serpentard Drago Malefoy | Blaise Zabini | Severus Rogue ...
96%
Hibou / Chouette Hedwige | Coquecigrue | Hermès ...
94%
Fantôme vivant à Poudlard Mimi Geignarde | Nick Quasi-Sans-Tête | Baron Sanglant ...
94%
Champion membre du Tournoi des Trois Sorciers Harry Potter | Cedric Diggory | Fleur Delacour ...
93%
A été tué(e) pendant la Bataille de Poudlard Remus Lupin | Bellatrix Lestrange | Fred Weasley ...
93%
A été pétrifié(e) par le Basilic Hermione Granger | Colin Crivey | Justin Finch-Fletchey ...
89%
Professeur de Défense contre les Forces du Mal Quirinus Quirrell | Gilderoy Lockhart | Remus Lupin ...
88%
Enfant de Harry et Ginny Albus Severus Potter | James Sirius Potter | Lily Luna Potter
87%
A été directeur à Poudlard (exclut Albus Dumbledore) Dolores Ombrage | Severus Rogue | Phineas Nigellus
87%
Membre de la première équipe de Quidditch de Gryffondor (exclut Harry) Olivier Dubois | Katie Bell | Angelina Johnson ...
81%
Prisonnier du Manoir des Malefoy (exclut Harry, Ron, Hermione) Garrick Ollivander | Luna Lovegood | Dean Thomas ...
69%
Sœur de Bellatrix Lestrange Narcissa Malefoy | Andromeda Tonks
66%
Ministre de la Magie Cornelius Fudge | Rufus Scrimgeour | Pius Thicknesse
61%
Élève Membre du "Club de Slug" (2e génération) (exclut Harry et Hermione) Cormac McLaggen | Ginny Weasley | Blaise Zabini ...
59%
Centaure Firenze | Magorian | Bane
59%
A un oiseau comme Patronus Cho Chang | Albus Dumbledore | George Weasley ...
54%
Gobelin Gripsec | Bogrod | Gornuk
48%
Travaille à Pré-au-lard Abelforth Dumbledore | Madame Rosmerta | Madame Pieddodu ...
35%
Membre de la Famille de Tom Jedusor (côté mère) Merope Gaunt | Morfin Gaunt | Marvolo Gaunt
33%
Frère de Molly Weasley Gideon Prewett | Fabian Prewett
20%
Prénom commençant par la lettre Z Zacharias Smith
15%
Membre de la bande de Dudley Dursley Piers Polkiss | Malcom | Dennis ...
14%
Aucun quiz correspondant
Distribution des résultats
% des personnes avec chaque résultat
Percentile par nombre de réponses
Votre historique - résultats
Vous n’avez pas pris ce quiz depuis la dernière actualisation